000 00532nam a2200157 a 4500
001 000045029
005 20201002045822.0
008 150129s2001 dr 000 0 spa d
040 _aDO-SdBNP
_bspa
_cBNPHU
082 _axxxx
_bxxxx
110 1 _aRepública Dominicana.
_9447
240 1 0 _a[Leyes, etc.]
245 1 0 _aLey No. 87-01 :
_bsobre el sistema dominicano de Seguridad Social : promulgada el 9 de mayo del 2001.
260 _aSanto Domingo :
_bEdiciones Jurídicas Trajano Potentini,
_c2001.
300 _axiv, 177 p. ;
_c21 cm.
999 _c44518
_d44518